• 首页
  • 本馆介绍
  • 公告通知
  • 最新文献
  • 馆藏检索
  • 电子资源
  • 读者导购
  • 参考咨询
  • 我的图书馆
  • 登录
  • 详细信息显示
  • 放入我的书架
  • 预约/预借图书
  • 作者相关作品
  • 分类相关作品
  • 丛书相关作品
  • 出版社相关作品

书目信息

  • 表格格式
  • 工作单格式
  • 卡片格式
题名:
现代电工技术应用教程
    
 
作者: 周明刚 , 岑艺 , 张小娟 主编
分册:  
出版信息: 长春   吉林科学技术出版社  2022.08
页数: 239页
开本: 26cm
丛书名:
单 册:
中图分类: TM-43
科图分类:
主题词: 电工技术--dian gong ji shu--教材
电子资源:
ISBN: 978-7-5578-9391-0
000 00991nam0 2200265 450
001 CAL 012022036570
005 20230303115941.22
010    @a978-7-5578-9391-0@dCNY58.00
100    @a20221020d2022 em y0chiy0120 ea
101 0  @achi
102    @aCN@b220000
105    @aa a 000yy
106    @ar
200 1  @a现代电工技术应用教程@Axian dai dian gong ji shu ying yong jiao cheng@f周明刚, 岑艺, 张小娟主编
210    @a长春@c吉林科学技术出版社@d2022.08
215    @a239页@c图@d26cm
320    @a有书目 (第238-239页)
330    @a本书主要内容包括: 电工仪表及测量基础, 直流电路、单相可控整流电路、变压器与交流电动机、PLC基础及其应用、步进顺控指令及其应用、变频器及应用、伺服系统及其应用、安全用电及室内供配电技术等知识。
606 0  @a电工技术@Adian gong ji shu@j教材
690    @aTM-43@v5
701  0 @a周明刚@Azhou ming gang@4主编
701  0 @a岑艺@Acen yi@4主编
701  0 @a张小娟@Azhang xiao juan@4主编
801  0 @aCN@bBJXHZP@c20230228
905    @b1386060-3@dTM-43@e216@f4
    
    现代电工技术应用教程/周明刚, 岑艺, 张小娟主编.-长春:吉林科学技术出版社,2022.08
    239页:图;26cm
    
    
    ISBN 978-7-5578-9391-0:CNY58.00
    本书主要内容包括: 电工仪表及测量基础, 直流电路、单相可控整流电路、变压器与交流电动机、PLC基础及其应用、步进顺控指令及其应用、变频器及应用、伺服系统及其应用、安全用电及室内供配电技术等知识。
●
相关链接 在E读中查询图书 在五车中查询图书 在当当中查询图书 在豆瓣中查询图书


正题名:现代电工技术应用教程     索取号:TM-43/216         预约/预借

序号 登录号 条形码 馆藏地/架位号 状态 备注
1 1386060   213860605   第二样本阅览室/ [索取号:TM-43/216] 在馆    
2 1386061   213860614   第三借阅区/ [索取号:TM-43/216] 在馆    
3 1386062   213860623   第三借阅区/ [索取号:TM-43/216] 在馆    
4 1386063   213860632   第三借阅区/ [索取号:TM-43/216] 在馆    
唐山师范学院图书馆 欢迎您!
大连网信软件有限公司© 版权所有